Financování obcí a okresních úřadů v České republice v roce 1992.

Zásadné zmeny spôsobu financovania a úpravy v rozpočtovej skladbe, vyvolané touto zmenou. Spôsob otvárania a vedenia bankových účtov obcí a okresných úradov. Vedenie účtovníctva rozpočtových príjmov a výdavkov. Spôsob účtovania individuálnych dotácií na komplexnú bytovú výstavbu.

Guardado en:
Detalles Bibliográficos
Autor principal: Lehkoživ, J.
Formato: Capítulo de libro
Lenguaje:checo
Materias:
Etiquetas: Agregar Etiqueta
Sin Etiquetas, Sea el primero en etiquetar este registro!

MARC

LEADER 00000naa a2200000 4500
001 r007611
005 20220831085401.2
041 0 |a cze 
044 |a [CS] 
245 1 0 |a Financování obcí a okresních úřadů v České republice v roce 1992.  |c J. Lehkoživ 
520 |a Zásadné zmeny spôsobu financovania a úpravy v rozpočtovej skladbe, vyvolané touto zmenou. Spôsob otvárania a vedenia bankových účtov obcí a okresných úradov. Vedenie účtovníctva rozpočtových príjmov a výdavkov. Spôsob účtovania individuálnych dotácií na komplexnú bytovú výstavbu. 
610 2 0 |a financovanie 
610 2 0 |a obce 
610 2 0 |a okresy 
610 2 0 |a správa miestna 
610 2 0 |a Čechy 
610 2 0 |a 1992 
610 2 0 |a rozpočet miestny 
610 2 0 |a účtovníctvo 
610 2 0 |a dotácie 
610 2 0 |a výstavba bytová 
100 1 |a Lehkoživ, J.